LIBRARY ONLINE CATALOGUE

The Expositor's Bible commentary : (Record no. 21582)

MARC details
000 -LEADER
fixed length control field 01857cam a2200397 i 4500
001 - CONTROL NUMBER
control field 1290618
003 - CONTROL NUMBER IDENTIFIER
control field OSt
005 - DATE AND TIME OF LATEST TRANSACTION
control field 20260319152852.0
008 - FIXED-LENGTH DATA ELEMENTS--GENERAL INFORMATION
fixed length control field 760904m19761992miu b 000 0 eng
010 ## - LIBRARY OF CONGRESS CONTROL NUMBER
LC control number 76041334
020 ## - INTERNATIONAL STANDARD BOOK NUMBER
International Standard Book Number 0310364507
Qualifying information v. 3
020 ## - INTERNATIONAL STANDARD BOOK NUMBER
International Standard Book Number 9780310364504
Qualifying information (v. 3)
035 ## - SYSTEM CONTROL NUMBER
System control number 1290618
040 ## - CATALOGING SOURCE
Original cataloging agency DLC
Transcribing agency DLC
Modifying agency DLC
050 00 - LIBRARY OF CONGRESS CALL NUMBER
Classification number BS491.2
Item number .E96
082 00 - DEWEY DECIMAL CLASSIFICATION NUMBER
Classification number 220.7/7
Edition number 20
245 04 - TITLE STATEMENT
Title The Expositor's Bible commentary :
Remainder of title with the New International Version of the Holy Bible /
Statement of responsibility, etc. general editor, Frank E. Gaebelein ; associate editor, J.D. Douglas ; consulting editors ... Walter C. Kaiser, Jr. ... [et al.].
260 ## - PUBLICATION, DISTRIBUTION, ETC. (IMPRINT)
Place of publication, distribution, etc. Grand Rapids :
Name of publisher, distributor, etc. Zondervan Pub. House,
Date of publication, distribution, etc. c1976-c1992.
300 ## - PHYSICAL DESCRIPTION
Extent 12 v. ;
Dimensions 24 cm.
336 ## - CONTENT TYPE
Content type term text
Content type code txt
Source rdacontent
337 ## - MEDIA TYPE
Media type term unmediated
Media type code n
Source rdamedia
338 ## - CARRIER TYPE
Carrier type term volume
Carrier type code nc
Source rdacarrier
500 ## - GENERAL NOTE
General note Associate editor, 1985-1992: Richard P. Polcyn.
500 ## - GENERAL NOTE
General note Vols. 2, 4, 6-8 published by Regency Reference Library.
504 ## - BIBLIOGRAPHY, ETC. NOTE
Bibliography, etc Includes bibliographical references.
505 1# - FORMATTED CONTENTS NOTE
Formatted contents note v. 1. Introductory articles -- v. 2. Genesis-Numbers -- v. 3. Deuteronomy-2 Samuel -- v. 4. I Kings-Job -- v. 5. Psalms-Song of Songs -- v. 6. Isaiah-Ezekiel -- v. 7. Daniel-Minor Prophets --v. 8. Matthew, Mark, Luke -- v. 9. John, Acts -- v. 10. Romans-Galatians -- v. 11. Ephesians-Philemon -- v. 12. Hebrews-Revelation.
630 00 - SUBJECT ADDED ENTRY--UNIFORM TITLE
Uniform title Bible
General subdivision Commentaries.
700 1# - ADDED ENTRY--PERSONAL NAME
Personal name Gaebelein, Frank E.
Fuller form of name (Frank Ely),
Dates associated with a name 1899-1983.
700 1# - ADDED ENTRY--PERSONAL NAME
Personal name Douglas, J. D.
Fuller form of name (James Dixon)
700 1# - ADDED ENTRY--PERSONAL NAME
Personal name Polcyn, Dick.
730 02 - ADDED ENTRY--UNIFORM TITLE
Uniform title Bible.
Language of a work English.
Version New International.
Date of a work 1976.
856 42 - ELECTRONIC LOCATION AND ACCESS
Materials specified Publisher description
Uniform Resource Identifier <a href="http://www.loc.gov/catdir/enhancements/fy0633/76041334-d.html">http://www.loc.gov/catdir/enhancements/fy0633/76041334-d.html</a>
906 ## - LOCAL DATA ELEMENT F, LDF (RLIN)
a 7
b cbc
c orignew
d 1
e ocip
f 19
g y-gencatlg
942 ## - ADDED ENTRY ELEMENTS (KOHA)
Source of classification or shelving scheme Library of Congress Classification
Koha item type General Collection
Holdings
Withdrawn status Lost status Source of classification or shelving scheme Not for loan Home library Current library Shelving location Date acquired Source of acquisition Inventory number Total Checkouts Full call number Barcode Date last seen Copy number Price effective from Koha item type
    Library of Congress Classification   Kabarak, Main Campus Kabarak, Main Campus General Stacks 19/03/2026 Donation 2025/2867   BS491.2 .E96 1976 C.1 39309 19/03/2026 C.1 19/03/2026 General Collection